000
00276nam a22001337a 4500
008
170401b xxu||||| |||| 00| 0 eng d
020
_a
0716700298
041
_a
eng
080
_a
574
100
_a
8
101
_a
SHM
245
_a
ECOSCIENCE
_c
EHRLICH, P.R
942
_2
udc
_c
BK
999
_c
9397
_d
9397